| 000 | 01710nam a22004457a 4500 | ||
|---|---|---|---|
| 003 | CHAP | ||
| 005 | 20220329143254.0 | ||
| 008 | 071126ss007 mx r 00010 spa d | ||
| 010 | _a94271 | ||
| 011 | _a95243 | ||
| 035 | _a105856 | ||
| 040 | _cCHAP | ||
| 090 | _aTesis | ||
| 100 | 1 |
_aÁlvarez Altunar, Abenamar. _982396 |
|
| 245 | 1 | 0 |
_aAnálisis físico - mecánico de la semilla de mango (Magnifera indica L.) bajo compresión axial _c/por Abenamar Álvarez Altunar |
| 260 |
_aChapingo, Méx. : _bEl autor, _c2007 |
||
| 300 |
_a87 h. : _bilus. ; gráfs. ; cuadros |
||
| 502 | _aTesis (Ing. Mecánico Agrícola) -- UACH. Departamento de Ingeniería Mecánica Agrícola | ||
| 530 | _aTambién disponible en línea | ||
| 590 |
_aALEPH _b10 _c20130110 _lUCH01 _h1521 |
||
| 590 |
_aBATCH-UPD _b10 _c20130110 _lUCH01 _h0751 |
||
| 590 |
_aBATCH-UPD _b10 _c20130410 _lUCH01 _h0431 |
||
| 590 |
_aBATCH-UPD _b10 _c20130914 _lUCH01 _h1743 |
||
| 590 |
_aBATCH-UPD _b10 _c20140324 _lUCH01 _h1505 |
||
| 590 |
_aBATCH-UPD _b10 _c20141002 _lUCH01 _h0835 |
||
| 590 |
_aBATCH _b00 _c20181121 _lUCH01 _h0758 |
||
| 590 |
_aCONVERSION _b10 _c20130109 _lUCH01 _h1352 |
||
| 650 | 1 | 4 |
_aMango _xImplementos y maquinaria. _970425 |
| 650 | 1 | 4 |
_aMango _xIndustria. _970427 |
| 650 | 1 | 4 |
_aMango _xVariedades. _970459 |
| 650 | 1 | 4 |
_aMaquinaria _xDiseño. _971143 |
| 650 | 1 | 4 |
_aSemillas _xFisiología y morfología. _9103902 |
| 856 |
_3Finding aid _uhttp://10.13.5.2/tesis/105856.pdf _zTeclea aqui |
||
| 856 |
_a1 _n0000267 |
||
| 901 | _aBK | ||
| 905 | _aLuisgm | ||
| 942 | _cFOLL | ||
| 949 |
_aTesis _bBC _cTES _d33724002044587 _eTS1 _gDonaciØn _h47415 _i105856 _sb |
||
| 949 |
_aTesis _bBC _cTES _d33724002044629 _eTS2 _fc.2 _gDonaciØn _h47416 _i105856 _sb |
||
| 999 |
_c94271 _d94271 |
||